La Planificacin̤ estratǧica como mťodo de gestin̤ pb︢lica experiencias en la Administracin̤ espaǫla /

Detalles Bibliográficos
Autor principal: Ramos Ramos, Benito
Otros Autores: Sǹchez Naranjo, Consuelo 1961-
Formato: Libro
Lenguaje:español
Publicado: Madrid : Instituto Nacional de Administracin̤ Pb︢lica, 2013
Colección:Estudios y documentos
Materias:
Acceso en línea:Acceso restringido

MARC

LEADER 00000nam a2200000 a 4500
005 20140314141042.0
007 cr|||| ||||
008 140304s2013 sp a | ||||o000 0 spa c
017 |a M 28250-2013 
020 |a 9788470889066 
035 |a 11812 
040 |d vLex 
080 |a 35:658(460) 
090 |c 4716  |d 4716 
100 1 |a Ramos Ramos, Benito 
245 1 3 |a La Planificacin̤ estratǧica como mťodo de gestin̤ pb︢lica  |h [Recurso electrn̤ico] :  |b experiencias en la Administracin̤ espaǫla /  |c Benito Ramos Ramos, Consuelo Sǹchez Naranjo 
256 |a Servicio en ln̕ea 
260 |a Madrid :  |b Instituto Nacional de Administracin̤ Pb︢lica,  |c 2013 
300 |a 1 recurso electrn̤ico 
490 1 |a Estudios y documentos 
500 |a Incluye apňdices documentales 
504 |a Bibliografia: p. 95-96 
506 1 |a Contenido solo disponible en los productos indicados  |d vLex Global  |d vLex Global (Academic Edition, excluding Law Schools)  |d vLex Global (U.S. Academic Edition, Law Schools)  |d vLex Global (U.S. Academic Edition, excluding Law Schools)  |d vLex Global (Academic Edition, Law Schools) 
650 4 |a Planificacin̤ estratǧica 
650 4 |a Administracin̤  |z Espaą 
700 1 |a Sǹchez Naranjo, Consuelo  |d 1961- 
740 0 |a vLex Libros (Servicio en ln̕ea) 
830 0 |a Estudios y documentos 
856 4 0 |u http://vlex.com/source/planificacion-estrategica-metodo-gestion-publica-experiencias-administracion-espa-ola-11812  |z Acceso restringido 
942 |c BOOK 
999 0 |a Strategic planning 
999 0 |a Management